Les paroisses et la cite : Nuremberg du XIIIe siecle a la reforme
Αποθηκεύτηκε σε:
| Κύριος συγγραφέας: | |
|---|---|
| Μορφή: | Βιβλίο |
| Γλώσσα: | French |
| Δημοσίευση: |
Paris :
Ecole des hautes etudes en sciences sociales,
2003
|
| Σειρά: | Civilisations et societes ;
; 116 |
| Θέματα: | |
| Ετικέτες: |
Προσθήκη ετικέτας
Δεν υπάρχουν, Καταχωρήστε ετικέτα πρώτοι!
|
MARC
| LEADER | 00000cam a2200000 i 4500 | ||
|---|---|---|---|
| 001 | 1/2845 | ||
| 008 | 100111s2003 fre d | ||
| 020 | |a 2-7132-1799-7 | ||
| 035 | |l 10106167 | ||
| 040 | |a GR-MY-UA |b gre |e aacr | ||
| 041 | 0 | |a fre | |
| 082 | 0 | |a 274.332405 |2 (22) | |
| 100 | 1 | |a Staub, Martial. | |
| 245 | 1 | 4 | |a Les paroisses et la cite : |b Nuremberg du XIIIe siecle a la reforme / |c Martial Staub |
| 260 | |a Paris : |b Ecole des hautes etudes en sciences sociales, |c 2003 | ||
| 300 | |a 339 σ.; |b εικ., διαγρ., χάρτες; |c 24 εκ. | ||
| 490 | 1 | |a Civilisations et societes |v ; 116 |x 0069-4290 | |
| 500 | |a Περιέχει γλωσσάριο | ||
| 504 | |a Βιβλιογραφία: σ. [291]-332 | ||
| 504 | |a Ευρετήριο: σ. [333]-339 | ||
| 651 | 0 | |a Nuremberg (Germany) |x History. | |
| 651 | 0 | |a Germany |x History |y To 1517. | |
| 830 | 0 | |a Civilisations et societes ; |v ; 116 | |
| 852 | |a INST |b LESVOS |e 20100111 |h 274.332405 STA |p 005100045867 |q 005100045867 |t BK |y 0 | ||
| 901 | |a BIBL1-2010-1 | ||
| 909 | |a Λ |b 160086 | ||
| 970 | |a ΓΙΑΛΑΜΑ |b ΜΑΡΙΑ |z 2010/01/11 | ||